书目信息 |
| 题名: |
拖拉机
|
|
| 作者: | ;河北农业大学农机系 编 | |
| 分册: | ||
| 出版信息: | 河北省农业机械管理局 |
|
| 页数: | 507页 | |
| 开本: | 20cm | |
| 丛书名: | ||
| 单 册: | ||
| 中图分类: | S232 | |
| 科图分类: | ||
| 主题词: | 农业机械化 | |
| 电子资源: | ||
| ISBN: | ||
| 000 | 00533nam0 2200181 450 | |
| 001 | 0656237594 | |
| 005 | 20060726154139.64 | |
| 010 | @d不详 | |
| 100 | @a20060726d km y0chiy0120 ea | |
| 101 | 0 | @achi |
| 200 | 1 | @a拖拉机@Atuo la ji@f河北农业大学农机系 编@Fhe bei nong ye da xue nong ji xi bian |
| 210 | @c河北省农业机械管理局 | |
| 215 | @a507页@c插图@d20cm | |
| 606 | 0 | @a农业机械化 |
| 690 | @aS232@v3 | |
| 711 | 0 | @a河北农业大学农机系@Ahe bei nong ye da xue nong ji xi@4编 |
| 801 | 0 | @aCN@bNISOFT@c20060726 |
| 905 | @a10447@dS232@e26 | |
| 拖拉机/河北农业大学农机系 编.-河北省农业机械管理局 |
| 507页:插图;20cm |
| ISBN :不详 |
| ● |
| 相关链接 |
|
|
|
|
正题名:拖拉机
索取号:S232/26
 
预约/预借
| 序号 | 登录号 | 条形码 | 馆藏地/架位号 | 状态 | 备注 |
| 1 | 0438627 | 204386271 | 密集书库/ [索取号:S232/26] | 在馆 |